000 01115nam a2200301 a 4500
001 000010700
003 DO-SdBNP
005 20211101102619.0
007 ta
008 091009s1985 dr a 000 0 spa d
040 _aDO-SdBNP
_bspa
_cBNPHU
082 _222
_a612.078
_bE82p
100 1 _aEstrada Muñoz, Mariano
_925903
245 1 0 _aPrincipios prácticos de fisiología /
_cMariano Estrada Muñoz, Rodolfo Núñez Musa.
260 _aSanto Domingo :
_bUniversitaria - UASD,
_c1985.
300 _a149 p. :
_bil. ;
_c22 cm.
490 1 _aPublicaciones de la Universidad Autónoma de Santo Domingo
_v491
490 1 _aSalud y Sociedad
_v8
500 _aIncluye referencias bibliográficas al final de los capítulos.
504 _aBibliografía : p. 149
590 _aInventariado, 2018/LP
650 1 4 _aFisiología humana
_xManuales de laboratorio
_925904
700 1 _aNúñez Musa, Rodolfo
_925905
830 0 _aPublicaciones de la Universidad Autónoma de Santo Domingo ;
_n491
_925906
830 0 _aSalud y Sociedad
_n8
_925907
910 _aValidado. Control de calidad MMMOLINA
942 _2ddc
_cLBS1
999 _c10455
_d10455